00998nam a2200205Ia 450000500170000000800410001702000180005805000210007610000340009724500830013125000110021426000340022530000230025933700100028233800140029250000960030650502870040265000670068965000360075620231102151637.0121028s20111992mx 000 0 spa d a970-07-5021-3 aKGF4589 C37 201110aCARDENAS Elizondo, Francisco10aIntroducción al estudio del Derecho fiscal c/ Francisco Cárdenas Elizondo a5a ed. aMéxico b: Porrúac, 2011 axix, 429 páginas atexto asin medio aPlan Flexible Licenciatura ne Derecho 14 004873 Incluye índice Bibliografía: p. 413-419 aPrólogo La actividad financiera del Estado Derecho financiero, fiscal y tributario Norma jurídica fiscal Las fuentes del Derecho fiscal. Parte I Las fuentes del Derecho fiscal. Parte II La aplicación del derecho fiscal Los ingresos públicos I Los ingresos públicos II10aIMPUESTOS FINANZAS PÚBLICASxLEYES Y LEGISLACIÓNzMÉXICO20aLEYES Y LEGISLACIÓNzMÉXICO